000 00617nam a2200241Ia 4500
003 OSt
005 20230524114409.0
008 210423s2012 xx 000 0 und d
020 _a978-81-7625-823-4
040 _cAL
041 _aeng
082 _a330.09 SCHH
_223
100 _aSCHUMPETER (Joseph A)
_9112225
245 _aHistory of economic analysis V2
260 _aNew Delhi
_bSarup & sons
_c2012
300 _a6,751,086
_bPB
365 _b5600
_cINR
440 _v2
650 _aEconomics
_9112226
650 _aEconomics
_9112226
906 _aanalysis ; economic ; History ; V2
942 _2ddc
_cBK
999 _c165406
_d165406